000
00313nam a22001337a 4500
008
181219b xxu||||| |||| 00| 0 eng d
020
_a
9780439429719
041
_a
eng
080
_a
721
100
_a
46
101
_a
ARK
245
_a
The White House An Illustrated History
_c
Cathrine.N
942
_2
udc
_c
BK
999
_c
53508
_d
53508